ბათუმის შოთა რუსთაველის სახელმწიფო უნივერსიტეტის ბიბლიოთეკა

ზენდიდის ციხე ; ბეჟანიძეთა საგვარეულო = Zendidi Fortress ; Bezhanidze Patrimonial = Зендидская Крепость ; Род Бежанидзе = Zendid Kalesi ; Bejanidze Sulalesi / (ბიბ.ჩანაწერი № 41414)

000 -ლიდერი
ფიქსირებული სიგრძის საკონტროლო ველი 01350nam a2200265Ia 4500
001 - საკონტროლო ნომერი
საკონტროლო ველი 8076
003 - საკონტროლო ნომრის იდენტიფიკატორი
საკონტროლო ველი GE_BSU
005 - ბოლო ოპერაციის თარიღი და დრო
საკონტროლო ველი 20200117170020.0
008 - ფიქსირებული სიგრძის მონაცემთა ელემენტები - ზოგადი ინფორმაცია
ფიქსირებული სიგრძის საკონტროლო ველი 181216s2013||||ge |||||||||||||| ||geo||
020 ## - წიგნის საერთაშორისო სტანდარტული ნომერი
International Standard Book Number 9789941435140
040 ## - კატალოგიზაციის წყარო
Transcribing agency GE_BSU
041 ## - ენის კოდი
Language code of text/sound track or separate title geo
080 ## - უნივერსალური ათობითი კლასიფიკაციის ინდექსი
Universal Decimal Classification number 94(479.223) ბ-50
100 ## - მთავარი ჩანაწერი - პიროვნების სახელი
Personal name ბეჟანიძე, ციალა
9 (RLIN) 6221
245 ## - ცნობა სათაურის შესახებ
Title ზენდიდის ციხე ; ბეჟანიძეთა საგვარეულო = Zendidi Fortress ; Bezhanidze Patrimonial = Зендидская Крепость ; Род Бежанидзе = Zendid Kalesi ; Bejanidze Sulalesi /
Statement of responsibility, etc ციალა ბეჟანიძე ; [რედ. რამაზ ხალვაში].
264 ## - წარმოების, გამოცემის, დისტრიბუციის და სხვა ცნობები
გამოცემის, წარმოების, დისტრიბუციის... ადგილი თბილისი :
გამოცემის, წარმოების, დისტრიბუციის... სახელწოდება ალიონი,
გამოცემის, წარმოების, დისტრიბუციის... თარიღი 2013.
300 ## - ფიზიკური აღწერა
Extent 214 გვ.;
Other physical details ფოტოსურ. + 1 ჩართ. ფურც. სქემა ;
Dimensions 22 სმ.
500 ## - ზოგადი შენიშვნა
General note ავტორის ბიოგრაფია: გვ. 213.
504 ## - BIBLIOGRAPHY, ETC. NOTE
Bibliography, etc ბიბლიოგრ. ტექსტ. შენიშვნ.
520 ## - SUMMARY, ETC.
Summary, etc რეზიუმე ინგლ.რუს. თურქ.ენ.
653 ## - INDEX TERM--UNCONTROLLED
Uncontrolled term ზენდიდის ციხე
653 ## - INDEX TERM--UNCONTROLLED
Uncontrolled term ისტორია
700 ## - ADDED ENTRY--PERSONAL NAME
Personal name ხალვაში, რამაზ
Relator term რედაქტორი
9 (RLIN) 2151
942 ## - ADDED ENTRY ELEMENTS (KOHA)
Koha item type წიგნი
Source of classification or shelving scheme
ეგზემპლარები
ჩამოწერის სტატუსი დაკარგული ეგზემპლარის სტატუსი კლასიფიკაციის წყარო ან თაროზე გაწყობის სქემა დაზიანების სტატუსი არ გაიცემა მუდმივი მდებარეობა (დაცვის ადგილი) ამჟამინდელი ადგილსამყოფელი თაროზე განთავსების ადგილი შეძენის თარიღი სრული შენახვის შიფრი შტრიხკოდი ბოლო ოპერაციის თარიღი ეგზემპლარის მიმდევრობითი ნომერი (კეტერი?) ფასის ძალაში შესვლის თარიღი ეგზემპლარის სახეობა
          ბათუმის შოთა რუსთაველის სახელმწიფო უნივერსიტეტის მთავარი ბიბლიოთეკა ბათუმის შოთა რუსთაველის სახელმწიფო უნივერსიტეტის მთავარი ბიბლიოთეკა წიგნსაცავი 2018-12-17 94(479.223) ბ-50 7476 2018-12-17 7476 2018-12-17 წიგნი
          ბათუმის შოთა რუსთაველის სახელმწიფო უნივერსიტეტის მთავარი ბიბლიოთეკა ბათუმის შოთა რუსთაველის სახელმწიფო უნივერსიტეტის მთავარი ბიბლიოთეკა წიგნსაცავი 2018-12-17 94(479.223) ბ-50 7477 2018-12-17 7477 2018-12-17 წიგნი
          ბათუმის შოთა რუსთაველის სახელმწიფო უნივერსიტეტის მთავარი ბიბლიოთეკა ბათუმის შოთა რუსთაველის სახელმწიფო უნივერსიტეტის მთავარი ბიბლიოთეკა წიგნსაცავი 2020-01-17 94(479.223) ბ-50 23137 2020-01-17 23137 2020-01-17 წიგნი